000 00345nam a2200145Ia 4500
008 220216s9999 xx 000 0 und d
245 0 _aShed for drying scrap and lump rubber
260 _bR.R.I Planters Bulletin
_c1941
300 _a4-Jan
650 _aDrying
650 _aLump rubber
650 _aRubber
650 _aScrap
942 _cJS
999 _c68636
_d68636